Normal view
MARC view
- تاليف المحاميد، موفق سمور علي
Entry Personal Name
001 - CONTROL NUMBER
- control field: 47106
003 - CONTROL NUMBER IDENTIFIER
- control field: JO-AjAnu
005 - DATE AND TIME OF LATEST TRANSACTION
- control field: 20230606081759.0
008 - FIXED-LENGTH DATA ELEMENTS
- fixed length control field: 230606|| aca||aabn | a|a d
040 ## - CATALOGING SOURCE
- Original cataloging agency: JO-AjAnu
- Transcribing agency: JO-AjAnu
100 ## - HEADING--PERSONAL NAME
- Personal name: تاليف المحاميد، موفق سمور علي
670 ## - SOURCE DATA FOUND
- Source citation: Work cat.: (JO-AjAnu)24108: تاليف المحاميد، موفق سمور علي, author, الطبيعه القانونية لقرارات تقدير ضريبة الدخل: دراسة مقارنة الاردن - مصر - الولايات المتحدة الأمريكية